Defence and strategic study (Record no. 395449)

MARC details
000 -LEADER
fixed length control field 00514 a2200193 4500
005 - DATE & TIME
control field 20260205124049.0
008 - FIXED-LENGTH DATA ELEMENTS--GENERAL INFORMATION
fixed length control field 260205b |||||||| |||| 00| 0 eng d
020 ## - ISBN
International Standard Book Number 9789394384682
Price Rs. 1850.00
040 ## - CATALOGING SOURCE
Original cataloging agency VIVEKANANDA LIBRARY
082 ## - DDC NUMBER
Classification number 355.02
Book Number M687D
100 ## - MAIN ENTRY--PERSONAL NAME
Personal name Mishra, Anup
245 ## - TITLE STATEMENT
Title Defence and strategic study
260 ## - PUBLICATION, DISTRIBUTION, ETC. (IMPRINT)
Name of publisher, distributor, etc Saddle Publishers
Date of publication, distribution, etc 2023
Place of publication, distribution, etc Delhi
300 ## - PHYSICAL DESCRIPTION
Pages viii, 276
650 ## - Subject
Subject Military Science
650 ## - Subject
Subject Defence Strategic Development
650 ## - Subject
Subject Warefare Systems
942 ## - ADDED ENTRY ELEMENTS (KOHA)
Koha item type Books
Holdings
Withdrawn status Lost status Source of classification or shelving scheme Damaged status Not for loan Location (home branch) Sublocation or collection (holding branch) Shelving location Date acquired Koha issues (times borrowed) Koha full call number Accession No. Koha date last seen Koha item type
    Dewey Decimal Classification     VIVEKANANDA LIBRARY VIVEKANANDA LIBRARY Vivekananda Library 06/01/2026   355.02 M687D 444072 06/01/2026 Books
© Designed and Maintained by Vivekananda Library, MDU Rohtak